000 00503nam a2200145 4500
999 _c15299
_d15299
008 200520b ||||| |||| 00| 0 eng d
022 _a2094-8042
082 _aDPer 370.105 M72 June 2010-Mar 2011 v. 59 n. 1-10
100 _aPassion-Aguinaldo, Emma Sol.
_942143
245 _aObsession/
_cEmma Sol. Passion-Aguinaldo.
260 _aPhilippines:
_bIn the Grade School, Inc.,
_cc2010-2011.
300 _av59 n1, page 26:
_billustrations;
_c28 cm.
650 _aPoetry
_942142
_xObsession.
942 _2ddc
_cPER